000 01168njm a22003017a 4500
005 20100914152621.0
007 sd ammalaaahaa
008 100913t xxu||||| |||| 00| 0 hin d
028 _aSNLP 5006
_bSuper;T-Series
035 _aGR-05766
040 _aSED/VEN
100 _aChanchal, Narendar
_91184
245 _aJago maa jagdambe /
_cby Narendar, Chanchal ; Lyrics by Chamanlal Josh ; Music by Sonik Omi
_h[sound recording] :
246 _aजागो माँ जगदम्बे / नरेंदर चंचल द्वारा
260 _aDum Dum India
_bSuper;T-Series
_c1990
300 _a1 sound disc [Gramophone record] :
_banalog, 33 1/3 rpm
_c12.5 in. (LP)
_fGramophone Record
500 _aBrief Record
500 _aRecord label :Super;T-Series, Red
505 _aSide 1 Schhi hai tu Side 2 Beta jo bulaye
600 _aChanchal, Narendar
_919992
650 _aBhajan
_xExcerpts
_zIndia
_919603
700 _919604
_aOmi, Sonik
700 _919605
_aJosh, Chamanlal
700 _920913
700 _920914
942 _2ddc
_cGR
999 _c47347
_d47347